<?xml version="1.0" encoding="UTF-8"?><?xml-stylesheet type="text/xsl" href="static/style.xsl"?><OAI-PMH xmlns="http://www.openarchives.org/OAI/2.0/" xmlns:xsi="http://www.w3.org/2001/XMLSchema-instance" xsi:schemaLocation="http://www.openarchives.org/OAI/2.0/ http://www.openarchives.org/OAI/2.0/OAI-PMH.xsd"><responseDate>2026-06-02T17:27:21Z</responseDate><request verb="GetRecord" identifier="oai:repisalud.isciii.es:20.500.12105/8129" metadataPrefix="marc">https://repisalud.isciii.es/rest/oai/request</request><GetRecord><record><header><identifier>oai:repisalud.isciii.es:20.500.12105/8129</identifier><datestamp>2025-06-24T11:39:43Z</datestamp><setSpec>com_20.500.12105_2052</setSpec><setSpec>com_20.500.12105_2051</setSpec><setSpec>col_20.500.12105_19608</setSpec></header><metadata><record xmlns="http://www.loc.gov/MARC21/slim" xmlns:dcterms="http://purl.org/dc/terms/" xmlns:doc="http://www.lyncode.com/xoai" xmlns:xsi="http://www.w3.org/2001/XMLSchema-instance" xsi:schemaLocation="http://www.loc.gov/MARC21/slim http://www.loc.gov/standards/marcxml/schema/MARC21slim.xsd">
   <leader>00925njm 22002777a 4500</leader>
   <datafield ind2=" " ind1=" " tag="042">
      <subfield code="a">dc</subfield>
   </datafield>
   <datafield ind2=" " ind1=" " tag="720">
      <subfield code="a">Fernandez-Piqueras, Jose</subfield>
      <subfield code="e">author</subfield>
   </datafield>
   <datafield ind2=" " ind1=" " tag="720">
      <subfield code="a">Santos-Hernandez, Javier</subfield>
      <subfield code="e">author</subfield>
   </datafield>
   <datafield ind2=" " ind1=" " tag="720">
      <subfield code="a">Villa-Morales, María</subfield>
      <subfield code="e">author</subfield>
   </datafield>
   <datafield ind2=" " ind1=" " tag="720">
      <subfield code="a">Gonzalez-Sanches, Laura</subfield>
      <subfield code="e">author</subfield>
   </datafield>
   <datafield ind2=" " ind1=" " tag="720">
      <subfield code="a">Fresno, Manuel</subfield>
      <subfield code="e">author</subfield>
   </datafield>
   <datafield ind2=" " ind1=" " tag="720">
      <subfield code="a">Fernandez-Navarro, Pablo L</subfield>
      <subfield code="e">author</subfield>
   </datafield>
   <datafield ind2=" " ind1=" " tag="260">
      <subfield code="c">2011-02-23</subfield>
   </datafield>
   <datafield ind2=" " ind1=" " tag="520">
      <subfield code="a">Prostaglandina E2 para la prevención o el tratamiento de linfomas linfoblásticos.&#xd;
&#xd;
La presente invención se encuadra dentro del campo de la biología molecular y la medicina. Específicamente, se refiere al uso de la prostaglandina E2 (PGE2) o cualquiera de sus sales, derivados o análogos biológicamente activos, o cualquiera de sus combinaciones, para la elaboración de un medicamento para la prevención o el tratamiento del linfoma linfoblástico.  REIVINDICACIONES: 1. Uso de la prostaglandina E2 (PGE2) o cualquiera de sus sales, derivados o análogos biológicamente activos, o cualquiera de sus combinaciones, para la elaboración de un medicamento para la prevención o el tratamiento del linfoma linfoblástico.&#xd;
&#xd;
2. Uso según la reivindicación 1 donde el linfoma linfoblástico es de tipo T.&#xd;
&#xd;
3. Uso según la reivindicación 2 donde el linfoma linfoblástico de tipo T tiene el inmunofenotipo CD4+ CD8+.&#xd;
&#xd;
4. Uso según la reivindicación 3 donde el linfoma linfoblástico de tipo T tiene el inmunofenotipo CD4+ CD8+ CD3/ow.&#xd;
&#xd;
5. Uso según cualquiera de las reivindicaciones 1 a 4 donde existe una deficiencia de ANXA1 en el estroma del timo o de los ganglios linfáticos.&#xd;
&#xd;
6. Uso según la reivindicación 5 donde existe una deficiencia de ANXA1 en el estroma del timo.&#xd;
&#xd;
7. Uso de una composición farmacéutica que comprende PGE2 o cualquiera de sus sales, derivados o análogos biológicamente activos, o cualquiera de sus combinaciones, según cualquiera de las reivindicaciones 1 a 6.&#xd;
&#xd;
8. Uso de la composición farmacéutica según la reivindicación 7 que comprende además un vehículo farmacéuticamente aceptable.&#xd;
&#xd;
9. Uso de una preparación combinada que comprende, al menos, una composición farmacéutica según cualquiera de las reivindicaciones 7 u 8 y otro principio activo para su uso por separado, simultáneo ó secuencial.  Cuando una patente se hace internacional, se puede encontrar en el idioma de cada país en que se ha solicitado. En Espacenet se tiene acceso a los documentos en cada idioma.</subfield>
   </datafield>
   <datafield ind1="8" ind2=" " tag="024">
      <subfield code="a">ES2352773 A1</subfield>
   </datafield>
   <datafield ind1="8" ind2=" " tag="024">
      <subfield code="a">200900085</subfield>
   </datafield>
   <datafield ind1="8" ind2=" " tag="024">
      <subfield code="a">http://hdl.handle.net/20.500.12105/8129</subfield>
   </datafield>
   <datafield tag="653" ind2=" " ind1=" ">
      <subfield code="a">Prostaglandina E2</subfield>
   </datafield>
   <datafield tag="653" ind2=" " ind1=" ">
      <subfield code="a">tratamiento de linfomas linfoblásticos</subfield>
   </datafield>
   <datafield ind2="0" ind1="0" tag="245">
      <subfield code="a">Prostaglandina E2 para la prevención o el tratamiento de linfomas linfoblásticos.</subfield>
   </datafield>
</record></metadata></record></GetRecord></OAI-PMH>